000 00916nas a2200289 4500
001 BR2013000494
003 BR-BrBNA
005 20231205121820.0
007 ta
008 230509b bl.|||p| |||| 00| 00por d
040 _aBR-BrBNA
_bpor
_cBiblioteca Nacional de Agricultura
041 _a(Pt)
072 _aF70
100 1 _aGumboski, E.L.
100 1 _aEliasaro, S.
245 1 _aEspécies de Cladonia P. Browne (Cladoniaceae, Ascomycota)do Supergrupo Cladonia em restingas e costões rochosos dos estados do Paraná e de Santa Catarina, Brasil
650 _aFUNGO
650 _aRESTINGA
650 _aLEVANTAMENTO
650 _aREGISTRO
650 _aDISTRIBUIÇÃO GEOGRÁFICA
650 _aPARANÁ
650 _aSANTA CATARINA
773 0 _tHoehnea (Brazil)
_xISSN 0073-2877
_g(Jun 2012), v. 39(2) p. 315-337
_wBR2013000494
909 _a202311
_bLúcia
_c55
_dLúcia Elande
942 _2AGRIS
_n0
_cANA
999 _c225390
_d225390